000 00533nam a22001697a 4500
008 150520b xxu||||| |||| 00| 0 eng d
020 _a|a 9789951460026
041 0 _aalb
080 _a641
100 _aFroleke, Hartmut
245 0 0 _aTabela e vlerave ushqyese e Asociacionit Gjerman për të ushqyerit
_cHartmut Fröleke ; [shqipërues Adnan Emini, Mirushe Emini].
250 _aBotimi parë
260 _aDragash
_aPrishtinë
_aFerizaj
_bAlb-Med
_c2007
300 _a102 f
_c15 cm
650 _aUshqimi
_xCilësia
942 _2udc
_cBK
999 _c871
_d871